La société française en chiffres - Statistiques

Statistiques générales
  • Ce quiz a été pris 20 fois
    18 depuis la dernière actualisation
  • Le résultat moyen est 5 sur 10
Statistiques - réponses
Question Réponse % Correct
Combien de Français vivent en France métropolitaine en 2024 selon l'INSEE ? 68 millions
60%
Quelle est la religion majoritaire en France en termes de personnes s'en réclamant, selon les sondages IFOP ? Catholicisme
60%
Quel est le prénom masculin le plus donné en France en 2023 selon l'INSEE ? Gabriel
60%
Dans quelle ville française naît-on le plus souvent, représentant la plus forte natalité absolue ? Paris
60%
Selon les sondages, quel est le principal sujet d'inquiétude des Français en 2024 ? Le pouvoir d'achat
53%
Quelle est la marque de voiture la plus vendue en France depuis des décennies ? Renault
53%
Quel est le taux de chômage en France en 2024 selon les derniers chiffres de l'INSEE ? 7,3%
40%
Quel est le réseau social le plus utilisé en France en 2024 par les adultes de 18 à 65 ans ? Facebook
40%
Quelle est l'espérance de vie d'une femme française à la naissance, l'une des plus élevées d'Europe ? 85 ans
33%
Combien d'heures les Français regardent-ils la télévision en moyenne par jour selon Médiamétrie ? 3H30
27%
Aucun quiz correspondant
Distribution des résultats
% des personnes avec chaque résultat
Percentile par nombre de réponses
Votre historique - résultats
Vous n’avez pas pris ce quiz depuis la dernière actualisation